Представление документа в формате RUSMARC

ПолеНазваниеЗначение
  Тип записи a
  Библиографический уровень m
001 Контрольный номер c623ef08c78047589899f4ce8da5a885
005 Дата корректировки 20150629122919.0
010 Индекс ISBN __
a ISBN 978-5-392-16772-2
101 Язык документа 0_
a Язык текста rus
102 Страна публикации __
a Страна публикации RU
200 Заглавие и сведения об ответственности 1_
f Первые сведения об ответственности В. А. Ильин
f Первые сведения об ответственности А. В. Куркина
b Общее обозначение материала Текст
a Заглавие Высшая математика
e Сведения, относящиеся к заглавию учебник
205 Сведения об издании __
b Дополнительные сведения об издании в надзаг. "Московский государственный универститет имени М.В.Ломоносова"
205 Сведения об издании __
a Основные сведения об издании 3-е изд., перераб. и доп.
210 Выходные данные 1_
a Место издания Москва
c Издательство Проспект
d Дата издания 2015
215 Физическое описание __
a Объем 608 с.
225 Серия 2_
a Серия Классический университетский учебник
300 Общие примечания __
a Общие примечания рек. УМО в качестве учебника для студентов, обучающихся по специальности "Прикладная математика и информатика"
610 Ключевые слова 0_
a Ключевые слова учебник
a Ключевые слова высшая математика
a Ключевые слова вещественные числа
a Ключевые слова комбинаторика
a Ключевые слова системы координат
a Ключевые слова линейные уравнения
a Ключевые слова векторная алгебра
a Ключевые слова аналитическая геометрия
a Ключевые слова предел последовательности
a Ключевые слова функция
a Ключевые слова непрерывность функции
a Ключевые слова дифференциальное исчисление
a Ключевые слова интегралы
a Ключевые слова ряды
a Ключевые слова дифференциальные уравнения
a Ключевые слова теория вероятностей
a Ключевые слова линейное программирование
a Ключевые слова бакалавриат
686 Индексы других классификаций __
a Классификационный индекс 22.1я73
801 Источник записи _0
a Страна RU
b Организация РУК
g Правила каталогизации PSBO
801 Источник записи _1
a Страна RU
b Организация РУК
g Правила каталогизации PSBO
852 Данные о местонахождении __
i Авторский знак И 46
j Шифр хранения ББК 22.1я73
901 Тип документа __
t Тип документа m
937 Технологическая информация __
a Создатель записи (имя) Завалишина
938 Служебная информация __
a Название организации Поволжский филиал
952 Тип литературы __
c Вид литературы учебник
b Гриф литературы для ВШ гриф МО